| 000 | 00913 a2200253 4500 | ||
|---|---|---|---|
| 999 |
_c1756 _d1756 |
||
| 020 | _a9781848138087 (hbk.) | ||
| 020 | _a1848138083 (hbk.) | ||
| 020 | _a9781848138070 (pbk.) | ||
| 020 | _a1848138075 (pbk.) | ||
| 050 | 0 | 0 | _aHD9577 OIL 2011 |
| 100 |
_aObi, Cyril _eeditor |
||
| 245 | 0 | 0 |
_aOil and insurgency in the Niger Delta : _bmanaging the complex politics of petro-violence / _cedited by Cyril Obi and Siri Aas Rustad. |
| 264 |
_aLondon _bZed Books _c2011 |
||
| 300 |
_aix, 255 p. : _bill., maps ; |
||
| 500 | _aIncludes index | ||
| 504 | _aIncludes bibliographical references (p. 225-244) | ||
| 650 | 0 |
_aPetroleum industry and trade _xPolitical aspects |
|
| 650 | 0 | _aInsurgency | |
| 700 | 1 |
_aObi, C. I. _eeditor |
|
| 700 | 1 |
_aRustad, Siri Aas. _eeditor |
|
| 942 |
_2lcc _cBK _h9577 _iOIL _kHD |
||